000 00621nam a2200193Ia 4500
003 GCL
008 140319s9999 xx 000 0 ara d
040 _aGCL /
_cGCL
082 0 4 _aق
_b737.04
_bع ص
100 1 _aعبدالرحمن فهمى
245 1 0 _aصنج السكة فى فجر الاسلام /
_cعبدالرحمن فهمى
260 _a[S.N] :
_bمتحف الفن الاسلامى ،
_c1957
300 _a224 ص
490 _a
650 0 4 _aالنظام المالى فى الاسلام
650 0 4 _aمتحف الفن الاسلامى
650 0 4 _aالمسكوكات العربية
942 _2ddc
_cBK
999 _c36866
_d36866